000 00397nam a22001697a 4500
005 20160623165626.0
008 160623b xxu||||| |||| 00| 0 eng d
020 _a0-19-566097-8
041 _aeng
082 _b9651
100 _aSeely, John
_91808
245 _aThe Oxford Guide to Writing and Speaking
260 _bOxford
_c2004
300 _a296
650 _aManagement
_9241
942 _cBK
999 _c3734
_d3733